US States With the 100 Richest Places - Statistics

General Stats
  • This quiz has been taken 663 times
  • The average score is 12 of 16
Answer Stats
# State % Correct
23 California
99%
13 New York
99%
6 Texas
97%
4 Florida
96%
2 Massachusetts
85%
10 Illinois
84%
18 New Jersey
81%
1 Arizona
79%
5 Maryland
79%
3 Virginia
79%
5 Connecticut
78%
3 Ohio
75%
2 Colorado
71%
2 Minnesota
58%
2 Missouri
35%
1 Kansas
32%
No matching quizzes found
Score Distribution
Percent of People with Each Score
Percentile by Number Answered
Your Score History
You have not taken this quiz